000
00291nam a2200121Ia 4500
008
220204s9999 xx 000 0 und d
082
_a
677.4
_b
ZIA
100
_a
Ziabicki, A
245
0
_a
Fundamentals of fibre formation
260
_a
New York
_b
Wiley
_c
1976
650
_a
Fibres
942
_c
BK
999
_c
25201
_d
25201